Nebo ožíva
Letecká nákladná preprava - rok 2009 - najhorší rok, aký odvetvie zažilo. Podľa prognózy by sa mal v roku 2010 svetový letecký priemysel zotaviť z krízy. Rekordné cargo v Bratislave.
Gespeichert in:
| 1. Verfasser: | |
|---|---|
| Format: | Buchkapitel |
| Sprache: | Slowakisch |
| Schlagworte: | |
| Tags: |
Keine Tags, Fügen Sie das erste Tag hinzu!
|
MARC
| LEADER | 00000naa$a2200000$$$4500 | ||
|---|---|---|---|
| 001 | 0115252 | ||
| 005 | 20231128094545.2 | ||
| 041 | 0 | |a slo | |
| 044 | |a SK | ||
| 245 | 1 | 0 | |a Nebo ožíva |c Pavol Prikryl |
| 520 | |a Letecká nákladná preprava - rok 2009 - najhorší rok, aký odvetvie zažilo. Podľa prognózy by sa mal v roku 2010 svetový letecký priemysel zotaviť z krízy. Rekordné cargo v Bratislave. | ||
| 610 | 2 | 0 | |a doprava letecká nákladná |
| 610 | 2 | 0 | |a spoločnosti letecké |
| 610 | 2 | 0 | |a lietadlá |
| 610 | 2 | 0 | |a Slovensko |
| 100 | 1 | |a Prikryl, Pavol | |